Responses for Show #8522 - Tuesday, November 30, 2021

Amy Schneider game 10.

Contestants

[<< previous game]

Krys Fischer, a retired substitute teacher from Mendota Heights, Minnesota

Pam Schoenberg, a dentist and entrepreneur from South Salem, New York

Amy Schneider, an engineering manager from Oakland, California (whose 9-day cash winnings total $342,200)

[next game >>]

Jeopardy! Round responses

A SWEET READ
FILL IN THE PHRASE
SOUNDS SERIOUS
JOHNNY GILBERT IS THE ACTION MOVIE CHARACTER
(Ken: You'll have to name the character Johnny is quoting in each clue.)
SPLITTING HAIRS
"BLACK" ON THE MAP
    $200 23
Honey

Pam
    $200 6
pursuit

Krys
    $200 1
heartburn

Pam
    $200 26
the Terminator

Krys
    $200 13
a faux hawk

Pam
    $200 25
the Black Forest

Pam
    $400 22
The Chocolate War

Amy
    $400 7
the headlights

Pam
    $400 4
(Amy: What is chicken skin?)

goose bumps

AmyPam
    $400 27
(Ken: John [*] from Die Hard, you got it.)

(John) McClane

Amy
    $400 24
a bun

Pam
    $400 19
the Black Hills

Pam
    $600 21
watermelon

Pam
    $600 16
possession

Amy
    $600 12
hay fever

Krys
    $600 28
(Ken: I just loved hearing that; that's [*] from 300.)

King Leonidas

Triple Stumper
    $600 20
extensions

Pam
    $600 14
(River) Blackwater

Pam
    $800 5
(Ken: Yes, well spoken and you're on the board.)

Hercule Poirot

Krys
    $800 8
a village

Pam
    $800 10
double vision

Pam
    $800 29
Dirty Harry

Amy
    $800 18
a beehive

Krys
    $800 2
Black Hawk

Pam
    $2,600 9
James and the Giant Peach

Pam
    $1000 17
sun shines

Pam
    $1000 11
shin splints

Pam
    $1000 30
(Ken: That's Russell Crowe's character in Gladiator--[*]. I think we can all agree those were a vast improvement over the actors' original readings.)
[Laughter]
(Ken: I love when we get to hear Johnny do that. )

Maximus

Triple Stumper
    $1000 3
fade

Amy
    $1000 15
Black Rock (Desert)

Amy

Scores at the first commercial break (after clue 15):

Amy Pam Krys
$1,600 $7,800 $1,600

Scores at the end of the Jeopardy! Round:

Amy Pam Krys
$3,800 $11,200 $2,600

Double Jeopardy! Round responses

AWARD-WINNING WOMEN
TV
SCIENCE: ODD BUT TRUE
THE CIVIL WAR
ROMAN MYTHOLOGY
ENDS IN "EX"
    $400 23
Beyoncé

Pam
    $400 24
Lewinsky

Amy
    $400 9
marsupials

Krys
    $400 8
Merrimack

Amy
    $400 14
wings

Pam
    $400 19
unisex

Amy
    $800 21
Amal Clooney

Krys
    $800 28
M*A*S*H

Amy
    $800 10
vanilla

Krys
    $6,000 7
Texas

Amy
    $800 13
horses

Krys
    $800 1
perplex

Amy
    $1200 17
Michelin stars

Pam
    $1200 18
Selena Gomez

Triple Stumper
    $1200 11
Antarctica

Amy
    $1200 5
Vicksburg

Amy
    $1200 25
blacksmith

Amy
    $1200 2
Sussex

Pam
    $1600 4
Ledecky

Amy
    $1600 29
Felicity

Amy
    $1600 12
radioactivity

Pam
    $1600 3
Andersonville

Pam
    $1600 26
Diana

Amy
    $3,000 15
(Pam: What is the apex and...)

the apex & the vertex

Pam
    $2000 22
Brewster

Krys
    $2000 30
Charlamagne tha God

Amy
    $2000 16
infrared

Amy
    $2000 6
P.G.T. Beauregard

Triple Stumper
    $2000 27
(Krys: Who is Ceres?)

Pomona

Krys
Triple Stumper
    $2000 20
an ibex

Pam

Scores at the end of the Double Jeopardy! Round:

Amy Pam Krys
$25,000 $16,600 $5,400

[wagering suggestions for these scores]

Final Jeopardy! Round responses

INTERNATIONAL FRIENDSHIP
(Ken: [To Krys] You crossed out "twinned cities", and I think you had to because the name of the organization is [*] International.)
KrysWhat are twinned sister cities?
$3,000
PamWhat
$300
AmyWhat are Sister Cities?
$13,000
Sister Cities

Final scores:

Amy Pam Krys
$38,000 $16,300 $8,400
10-day champion: $380,200 2nd place: $2,000 3rd place: $1,000

Game dynamics:

Coryat scores:

Amy Pam Krys
$19,800 $18,000 $5,400
20 R
(including 1 DD),
1 W
24 R
(including 1 DD),
1 W
(including 1 DD)
10 R,
1 W

Combined Coryat: $43,200

[game clues] [game scores] [suggest correction]

Game tape date: 2021-10-05
The J! Archive is created by fans, for fans. Scraping, republication, monetization, and malicious use prohibited; this site may use cookies and collect identifying information. See terms. The Jeopardy! game show and all elements thereof, including but not limited to copyright and trademark thereto, are the property of Jeopardy Productions, Inc. and are protected under law. This website is not affiliated with, sponsored by, or operated by Jeopardy Productions, Inc. Join the discussion at JBoard.tv.